000 00389nam a22001697a 4500
999 _c5065
_d5063
005 20210908131811.0
008 160701b xxu||||| |||| 00| 0 eng d
020 _a81-87567-54-6
041 _aeng
082 _b20368
100 _aMukerjee, p.k
_96917
245 _aA text book of geology
260 _bWorld press
_c2010
300 _a623
650 _aAgriculture
_92837
942 _cBK